000 00535nam a2200229Ia 4500
003 OSt
005 20220916111012.0
006 a|||||r|||| 00| 0
007 ta
008 220915b |||||||| |||| 00| 0 eng d
024 _a93905
037 _cTextbook
040 _beng
_aARTS
_cARTS
041 _aeng
082 _aU:657:N5, J9
100 _aBoateng E A
245 0 _aGeography of Ghana
260 _c1959
650 _aGEOGRAPHY
942 _hU:657:N5, J9
_cTB
_2CC
999 _c103008
_d103008